<?xml version="1.0" encoding="UTF-8"?>
<record
    xmlns:xsi="http://www.w3.org/2001/XMLSchema-instance"
    xsi:schemaLocation="http://www.loc.gov/MARC21/slim http://www.loc.gov/standards/marcxml/schema/MARC21slim.xsd"
    xmlns="http://www.loc.gov/MARC21/slim">

  <leader>03962cam a2200433 i 4500</leader>
  <controlfield tag="001">10400261</controlfield>
  <controlfield tag="003">CaAEU</controlfield>
  <controlfield tag="005">20260305144149.0</controlfield>
  <controlfield tag="008">240108t20242024nyua   e b    001 0 eng d</controlfield>
  <datafield tag="010" ind1=" " ind2=" ">
    <subfield code="a">  2023944266</subfield>
  </datafield>
  <datafield tag="020" ind1=" " ind2=" ">
    <subfield code="a">9780806540689</subfield>
    <subfield code="q">(hardcover)</subfield>
  </datafield>
  <datafield tag="020" ind1=" " ind2=" ">
    <subfield code="a">0806540680</subfield>
    <subfield code="q">(hardcover)</subfield>
  </datafield>
  <datafield tag="035" ind1=" " ind2=" ">
    <subfield code="a">on1416852906</subfield>
  </datafield>
  <datafield tag="037" ind1=" " ind2=" ">
    <subfield code="b">Kensington Pub Corp, C/O Penguin Random House Attn: Order Processing 405 Murray Hill Pkwy, East Rutherford, NJ, USA, 07073-2136</subfield>
    <subfield code="n">SAN 201-3975</subfield>
  </datafield>
  <datafield tag="039" ind1=" " ind2=" ">
    <subfield code="a">exclude</subfield>
  </datafield>
  <datafield tag="040" ind1=" " ind2=" ">
    <subfield code="a">IMmBT</subfield>
    <subfield code="b">eng</subfield>
    <subfield code="e">rda</subfield>
    <subfield code="c">JRQ</subfield>
    <subfield code="d">OCLCO</subfield>
    <subfield code="d">YDX</subfield>
    <subfield code="d">OCLCO</subfield>
    <subfield code="d">VRP</subfield>
    <subfield code="d">ACN</subfield>
    <subfield code="d">IK2</subfield>
    <subfield code="d">OCLCO</subfield>
    <subfield code="d">JTH</subfield>
    <subfield code="d">RNL</subfield>
    <subfield code="d">IOU</subfield>
    <subfield code="d">LIV</subfield>
    <subfield code="d">TXSCH</subfield>
    <subfield code="d">HQC</subfield>
    <subfield code="d">IMT</subfield>
    <subfield code="d">CDX</subfield>
    <subfield code="d">AEVC</subfield>
  </datafield>
  <datafield tag="041" ind1=" " ind2=" ">
    <subfield code="a">English</subfield>
  </datafield>
  <datafield tag="050" ind1="1" ind2="4">
    <subfield code="a">QP263</subfield>
    <subfield code="b">.G86 2024</subfield>
  </datafield>
  <datafield tag="060" ind1=" " ind2="4">
    <subfield code="a">WP 550</subfield>
  </datafield>
  <datafield tag="082" ind1="0" ind2="4">
    <subfield code="a">612.6/62</subfield>
    <subfield code="2">23/eng/20240108</subfield>
  </datafield>
  <datafield tag="090" ind1=" " ind2=" ">
    <subfield code="a">612.662 GUN</subfield>
    <subfield code="b">AEVC</subfield>
  </datafield>
  <datafield tag="100" ind1=" " ind2=" ">
    <subfield code="a">Gunter, Jen,</subfield>
    <subfield code="e">author.</subfield>
    <subfield code="9">26803</subfield>
  </datafield>
  <datafield tag="245" ind1="1" ind2="0">
    <subfield code="a">Blood </subfield>
    <subfield code="b">: the science, medicine, and mythology of menstruation </subfield>
    <subfield code="c">/ Dr. Jen Gunter.</subfield>
  </datafield>
  <datafield tag="246" ind1="3" ind2="0">
    <subfield code="a">Science, medicine, and mythology of menstruation</subfield>
  </datafield>
  <datafield tag="264" ind1=" " ind2="1">
    <subfield code="a">New York, NY :</subfield>
    <subfield code="b">Citadel Press, Kensington Publishing Corp.,</subfield>
    <subfield code="c">[2024]</subfield>
  </datafield>
  <datafield tag="264" ind1=" " ind2="4">
    <subfield code="c">&#xA9;2024</subfield>
  </datafield>
  <datafield tag="300" ind1=" " ind2=" ">
    <subfield code="a">xiv, 462 pages :</subfield>
    <subfield code="b">illustrations ;</subfield>
    <subfield code="c">24 cm</subfield>
  </datafield>
  <datafield tag="504" ind1=" " ind2=" ">
    <subfield code="a">Includes bibliographical references (pages 425-451) and index.</subfield>
  </datafield>
  <datafield tag="505" ind1="0" ind2=" ">
    <subfield code="a">Part 1 The menstrual cycle, a primer. Why menstruation? ; Menstrual cycle 101 ; The brain-brain-ovary connection ; The basics of bleeding ; Reproductive hormones: a handbook ; Menarche: journey to the first period ; Menopause: the afterparty &#x2014; Part 2 Common concerns and menstrual maintenance. The pelvic exam ; Premenstrual symptoms: PMS, PMDD, and breast pain ; Beyond the uterus: hormones and your health ; Menstrual tracking ; The history and safety of menstrual products ; Modern menstrual products ; Menstrual product myths &#x2014; Part 3 Bleeding and pain. A primer on abnormal bleeding ; Heavy periods ; Bleeding bingo: when periods stop, when they become irregular, and breakthrough bleeding ; Polycystic ovarian syndrome ; Painful periods ; Endometriosis ; Alternative therapies for menstrual pain &#x2014; Part 4 Contraception and abortion. The history of hormonal contraception ; Estrogen-containing contraceptives: the modern pill, patch, and ring ; Progestin-only methods ; Emergency contraception ; The history of the intrauterine device ; The modern intrauterine device ; Abortion ; Surgical sterilization, barrier contraception, and fertility awareness methods ; Contraception potpourri.</subfield>
  </datafield>
  <datafield tag="520" ind1=" " ind2=" ">
    <subfield code="a">The New York Times best-selling author of The Vagina Bible offers empowering, period-positive, no-nonsense facts about the science, medicine and myths surrounding menstruation.</subfield>
  </datafield>
  <datafield tag="520" ind1=" " ind2=" ">
    <subfield code="a">"Most women, transgender, and non-binary people who menstruate can expect to have hundreds of periods in a lifetime. So why is real information so hard to find? Despite its significance, most education about menstruation focuses either on increasing the chances of pregnancy or preventing it. And while both are important for many people, those who menstruate deserve to know more about their bodies than just what happens in service to reproduction. At a time when charlatans, politicians, and social media are succeeding in propagating damaging misinformation with real and devastating consequences, Dr. Jen provides the antidote with science, myth busting, and no-nonsense facts. Not knowing how your body works makes it challenging to advocate for yourself. Consequently, many suffer in silence thinking their bodies are uniquely broken, or they turn to disreputable sources. Blood is a practical, empowering guide to what's typical, what's concerning, and when to seek care"--</subfield>
    <subfield code="c">Publisher's description.</subfield>
  </datafield>
  <datafield tag="650" ind1=" " ind2="0">
    <subfield code="a">Menstruation.</subfield>
    <subfield code="9">26804</subfield>
  </datafield>
  <datafield tag="650" ind1=" " ind2="0">
    <subfield code="a">Menstrual cycle.</subfield>
    <subfield code="9">26805</subfield>
  </datafield>
  <datafield tag="650" ind1=" " ind2="0">
    <subfield code="a">Menstruation - Social aspects.</subfield>
    <subfield code="9">26806</subfield>
  </datafield>
  <datafield tag="650" ind1=" " ind2="0">
    <subfield code="a">Menstruation - Folklore.</subfield>
    <subfield code="9">26807</subfield>
  </datafield>
  <datafield tag="650" ind1=" " ind2="0">
    <subfield code="a">Women - Health and hygiene.</subfield>
    <subfield code="9">26808</subfield>
  </datafield>
  <datafield tag="655" ind1=" " ind2="0">
    <subfield code="a">Informational works</subfield>
    <subfield code="2">lcgft</subfield>
    <subfield code="9">23310</subfield>
  </datafield>
  <datafield tag="942" ind1=" " ind2=" ">
    <subfield code="2">lcc</subfield>
  </datafield>
  <datafield tag="952" ind1=" " ind2=" ">
    <subfield code="0">0</subfield>
    <subfield code="1">0</subfield>
    <subfield code="2">lcc</subfield>
    <subfield code="4">0</subfield>
    <subfield code="7">0</subfield>
    <subfield code="a">TBS</subfield>
    <subfield code="b">TBS</subfield>
    <subfield code="d">2026-03-05</subfield>
    <subfield code="l">0</subfield>
    <subfield code="r">2026-03-05</subfield>
    <subfield code="t">1</subfield>
    <subfield code="w">2026-03-05</subfield>
    <subfield code="y">1</subfield>
    <subfield code="z">SOON AVAILABLE</subfield>
  </datafield>
  <datafield tag="999" ind1=" " ind2=" ">
    <subfield code="c">5385</subfield>
    <subfield code="d">5385</subfield>
  </datafield>
</record>
